Asia, Alphabetically Quiz Stats

 Plays Quiz Updated Dec 31, 2018

Score 0/49 Timer 12:00
9 Plays Today
Country % Correct
???
100%
???
92.8%
???
90.9%
???
85.5%
???
82.5%
???
80.3%
???
76.3%
???
75.1%
???
73.4%
???
67.2%
???
65.8%
???
65.6%
???
64.7%
???
64.7%
???
63.8%
???
62.4%
???
61.6%
???
61.2%
???
59.9%
???
59.6%
???
59.3%
???
58.6%
???
57.3%
???
56.6%
???
54.7%
Country % Correct
???
53.9%
???
52.9%
???
52.5%
???
51.3%
???
51.2%
???
50.6%
???
48.8%
???
48.4%
???
46.5%
???
45.5%
???
44.6%
???
44.1%
???
42.9%
???
42.1%
???
40.2%
???
39.9%
???
39%
???
36.4%
???
35.6%
???
35.4%
???
34.2%
???
33.8%
???
33.1%
???
32.9%

You're not logged in!

Compare scores with friends on all Sporcle quizzes.
OR
Log In

You Might Also Like...

Show Comments

Extras

Top Quizzes Today


Score Distribution

Your Account Isn't Verified!

In order to create a playlist on Sporcle, you need to verify the email address you used during registration. Go to your Sporcle Settings to finish the process.

Report this User

Report this user for behavior that violates our Community Guidelines.

Details: